[Event "Martinique-ch 34th"]
[Site "Le Lamentin"]
[Date "2018.05.10"]
[Round "6"]
[White "Cesaire Hierso, Florian"]
[Black "Verneuil, Pascal"]
[Result "0-1"]
[WhiteElo "1837"]
[BlackElo "2154"]
[PlyCount "82"]
[EventDate "2018.05.05"]
[EventType "tourn"]
[EventRounds "11"]
[EventCountry "MFR"]
[SourceTitle "CBM 184 Extra"]
[Source "ChessBase"]
[SourceDate "2018.06.28"]
[SourceVersion "1"]
[SourceVersionDate "2018.06.28"]
[SourceQuality "1"]

1. e4 c5 2. Nf3 Nc6 3. Bb5 e6 4. 0-0 Nge7 5. c3 a6 6. Ba4 b5 7. Bc2 Bb7 8. d4 cxd4 9. cxd4 Nb4 10. Nc3 Nxc2 11. Qxc2 b4 12. Ne2 Rc8 13. Qd3 Ng6 14. b3 Be7 15. Bb2 0-0 16. Rac1 f5 17. exf5 Rxf5 18. Ng3 Rf7 19. Ne5 Nxe5 20. dxe5 Bg5 21. Rxc8 Qxc8 22. Ne4 Be7 23. Nd6 Bxd6 24. Qxd6 Rf4 25. Rc1 Bc6 26. Bd4 Qb7 27. f3 h6 28. Be3 Rf5 29. Qd2 Rxe5 30. Rc4 Rd5 31. Qe1 Bb5 32. Rg4 h5 33. Rg3 Qc7 34. Bh6 Qc2 35. Rxg7+ Kh8 36. Rg8+ Kh7 37. Bd2 Rxd2 38. Rg7+ Kh8 39. Rg8+ Kxg8 40. Qg3+ Kf7 41. Qf4+ Ke8 0-1

[Event "Martinique-ch 34th"]
[Site "Le Lamentin"]
[Date "2018.05.06"]
[Round "4"]
[White "Cesaire Hierso, Florian"]
[Black "Marbot, Raymond"]
[Result "0-1"]
[WhiteElo "1837"]
[BlackElo "1673"]
[PlyCount "140"]
[EventDate "2018.05.05"]
[EventType "tourn"]
[EventRounds "11"]
[EventCountry "MFR"]
[SourceTitle "CBM 184 Extra"]
[Source "ChessBase"]
[SourceDate "2018.06.28"]
[SourceVersion "1"]
[SourceVersionDate "2018.06.28"]
[SourceQuality "1"]

1. e4 e6 2. d4 d5 3. exd5 exd5 4. Bd3 Nf6 5. Bg5 Bd6 6. Nc3 c6 7. Nge2 Bg4 8. f3 Bh5 9. Ng3 Bg6 10. Nf5 Bxf5 11. Bxf5 h6 12. Be3 0-0 13. Qd2 Re8 14. 0-0-0 Nbd7 15. g4 Qc7 16. Kb1 Nh7 17. Bxh6 gxh6 18. Qxh6 Ndf8 19. g5 Bf4 20. Rdg1 Qd6 21. Rg4 Kh8 22. Qh4 Bd2 23. Qh5 Qe7 24. Nd1 Be1 25. Rhg1 Ng6 26. Bxg6 fxg6 27. Qxg6 Nf8 28. Qd3 Qe2 29. g6 Kg7 30. h4 Qxd3 31. cxd3 Bd2 32. f4 Nd7 33. f5 Nf6 34. R4g2 Be3 35. Nxe3 Rxe3 36. Kc2 Rae8 37. Kd2 Rh3 38. Re1 Rxe1 39. Kxe1 Rxh4 40. Re2 Ng8 41. Re8 Rxd4 42. Rb8 Rb4 43. Rc8 Ne7 44. Rc7 Kf6 45. g7 Rg4 46. Rxb7 Rxg7 47. Rxa7 Nxf5 48. Rxg7 Nxg7 49. Kd2 d4 50. Kc2 Ke5 51. Kb3 Kd5 52. Kb4 Ne6 53. Kb3 Nc5+ 54. Kc2 Na6 55. Kb3 c5 56. a3 Nc7 57. Kc2 c4 58. dxc4+ Kxc4 59. b3+ Kd5 60. Kd3 Ne6 61. Kd2 Kc5 62. Kd3 Nf4+ 63. Ke4 d3 64. Ke3 Kd5 65. a4 Kc5 66. a5 Kb4 67. a6 Kc3 68. a7 Nd5+ 69. Kf2 Nb6 70. Ke1 Kc2 0-1

[Event "Martinique-ch 34th"]
[Site "Le Lamentin"]
[Date "2018.05.05"]
[Round "1"]
[White "Cesaire Hierso, Florian"]
[Black "Francois Haugrin, Said"]
[Result "0-1"]
[WhiteElo "1837"]
[BlackElo "1789"]
[PlyCount "100"]
[EventDate "2018.05.05"]
[EventType "tourn"]
[EventRounds "11"]
[EventCountry "MFR"]
[SourceTitle "CBM 184 Extra"]
[Source "ChessBase"]
[SourceDate "2018.06.28"]
[SourceVersion "1"]
[SourceVersionDate "2018.06.28"]
[SourceQuality "1"]

1. d4 Nf6 2. c4 c5 3. d5 b5 4. Nc3 b4 5. Nb1 g6 6. Nd2 Bg7 7. e4 d6 8. f4 0-0 9. Ngf3 Bg4 10. Be2 Nbd7 11. h3 Bxf3 12. Bxf3 e5 13. dxe6 fxe6 14. e5 Nh5 15. 0-0 Ng3 16. Bxa8 Nxf1 17. Nxf1 Qxa8 18. Qxd6 Qe8 19. Be3 Rf7 20. Ng3 g5 21. Nh5 gxf4 22. Bxf4 Bf8 23. Qd1 Rf5 24. g4 Qg6 25. Qxd7 Rxh5 26. Kh2 Qxg4 27. Qd3 Qxf4+ 28. Kh1 Qf5 29. Rg1+ Kh8 30. Rg3 Qxd3 31. Rxd3 Rxe5 32. Rd2 Bh6 33. Rd8+ Kg7 34. Rd7+ Kg6 35. Rxa7 Re1+ 36. Kg2 Re2+ 37. Kf3 Rxb2 38. Ke4 Re2+ 39. Kf3 Re3+ 40. Kf2 Ra3 41. Rxa3 bxa3 42. Ke2 Kf5 43. Kd3 e5 44. Ke2 Ke4 45. h4 Kd4 46. h5 Kxc4 47. Kf3 Kd3 48. Kf2 Kd2 49. Kf3 c4 50. Ke4 c3 0-1

[Event "Martinique-ch 34th"]
[Site "Le Lamentin"]
[Date "2018.05.05"]
[Round "2"]
[White "Cesaire Hierso, Florian"]
[Black "Lebon, Nicolas"]
[Result "0-1"]
[WhiteElo "1837"]
[BlackElo "1713"]
[PlyCount "78"]
[EventDate "2018.05.05"]
[EventType "tourn"]
[EventRounds "11"]
[EventCountry "MFR"]
[SourceTitle "CBM 184 Extra"]
[Source "ChessBase"]
[SourceDate "2018.06.28"]
[SourceVersion "1"]
[SourceVersionDate "2018.06.28"]
[SourceQuality "1"]

1. e4 d5 2. exd5 Qxd5 3. Nc3 Qa5 4. d4 Nf6 5. Nf3 Bg4 6. Be2 c6 7. h3 Bh5 8. Bf4 e6 9. a3 Be7 10. Ne5 Bxe2 11. Qxe2 0-0 12. b4 Qd8 13. Rd1 Nbd7 14. 0-0 Nb6 15. Rd3 Nbd5 16. Nxd5 exd5 17. Rfd1 Re8 18. Rg3 Ne4 19. Rxg7+ Kxg7 20. Qh5 Ng5 21. h4 f6 22. hxg5 fxe5 23. Bxe5+ Kg8 24. Qh6 Bf8 25. Qh5 Rxe5 26. dxe5 Qe8 27. Qh2 Qg6 28. Rd3 Bg7 29. f4 Rf8 30. Qh4 Qe4 31. g6 hxg6 32. Rf3 Bxe5 33. Rh3 Qd4+ 34. Kh1 Qd1+ 35. Kh2 Bxf4+ 36. g3 Qxc2+ 37. Kh1 Qd1+ 38. Kh2 Qe2+ 39. Kh1 Bh6 0-1

[Event "Martinique-ch 34th"]
[Site "Le Lamentin"]
[Date "2018.05.05"]
[Round "11"]
[White "Suez Panama, Gilles"]
[Black "Cesaire Hierso, Florian"]
[Result "1-0"]
[WhiteElo "1971"]
[BlackElo "1837"]
[PlyCount "33"]
[EventDate "2018.05.05"]
[EventType "tourn"]
[EventRounds "11"]
[EventCountry "MFR"]
[SourceTitle "CBM 184 Extra"]
[Source "ChessBase"]
[SourceDate "2018.06.28"]
[SourceVersion "1"]
[SourceVersionDate "2018.06.28"]
[SourceQuality "1"]

1. d4 Nf6 2. Nf3 d5 3. c4 e6 4. g3 c5 5. cxd5 Nxd5 6. Bg2 Bd7 7. 0-0 Nc6 8. e4 Nf6 9. d5 Na5 10. Nc3 exd5 11. exd5 Bg4 12. Re1+ Be7 13. d6 Qb6 14. dxe7 h5 15. Nd5 Nxd5 16. Qxd5 Nc6 17. Ng5 1-0

[Event "Martinique-ch"]
[Site "Le Lamentin"]
[Date "2017.05.21"]
[Round "10"]
[White "Cesaire Hierso, Florian"]
[Black "Grange, Julien2"]
[Result "0-1"]
[WhiteElo "1777"]
[BlackElo "1892"]
[PlyCount "76"]
[EventDate "2017.05.21"]
[EventType "tourn"]
[EventRounds "11"]
[EventCountry "MFR"]
[SourceTitle "EXT 2019"]
[Source "ChessBase"]
[SourceDate "2018.10.10"]
[SourceVersion "1"]
[SourceVersionDate "2018.10.10"]
[SourceQuality "1"]

1. d4 d5 2. Nd2 Nf6 3. c4 c6 4. Ngf3 Bf5 5. e3 e6 6. c5 b6 7. b4 a5 8. Qa4 b5 9. Qb3 axb4 10. Qxb4 Ra4 11. Qc3 Na6 12. a3 Be7 13. Be2 Nc7 14. 0-0 0-0 15. Ne5 Qa8 16. Bb2 Rd8 17. f3 Nd7 18. Nd3 Bg5 19. Nb4 Bf6 20. e4 Bg6 21. e5 Be7 22. Bd3 Qb7 23. Bxg6 hxg6 24. f4 Rda8 25. g4 Na6 26. Nxa6 R8xa6 27. f5 Rxd4 28. fxe6 fxe6 29. Qf3 Nxe5 30. Qh3 Rd3 31. Nf3 Bxc5+ 32. Kh1 Rxf3 33. Rxf3 Nxf3 34. Qxf3 Ra4 35. Rf1 Qe7 36. Qg3 Bd6 37. Qc3 Rc4 38. Qf3 Rc2 0-1

[Event "Martinique-ch"]
[Site "Le Lamentin"]
[Date "2017.05.21"]
[Round "1"]
[White "Cesaire Hierso, Florian"]
[Black "Verneuil, Pascal"]
[Result "1/2-1/2"]
[WhiteElo "1777"]
[BlackElo "2197"]
[PlyCount "170"]
[EventDate "2017.05.21"]
[EventType "tourn"]
[EventRounds "11"]
[EventCountry "MFR"]
[SourceTitle "EXT 2019"]
[Source "ChessBase"]
[SourceDate "2018.10.10"]
[SourceVersion "1"]
[SourceVersionDate "2018.10.10"]
[SourceQuality "1"]

1. d4 Nf6 2. c4 c5 3. d5 e6 4. Nc3 exd5 5. Nxd5 Nxd5 6. cxd5 d6 7. e4 g6 8. Bf4 Qa5+ 9. Bd2 Qc7 10. Qa4+ Bd7 11. Qb3 Bg7 12. Nf3 0-0 13. Bd3 Bg4 14. Ng5 h6 15. h3 Bc8 16. Nf3 Nd7 17. 0-0 Rb8 18. Qc2 Kh7 19. Rab1 b5 20. a4 b4 21. b3 a6 22. Bf4 Bb7 23. Nd2 Ne5 24. Nc4 Nxc4 25. Bxc4 Rfe8 26. Rfe1 Re7 27. Qd3 Ra8 28. Qg3 Rd8 29. h4 Bc8 30. Bd3 Kg8 31. Qe3 Bd4 32. Qg3 Kg7 33. Kh1 Rg8 34. h5 g5 35. Bd2 Qd7 36. f4 f6 37. e5 dxe5 38. fxg5 hxg5 39. Bxg5 Qg4 40. Qxg4 Bxg4 41. h6+ Kf7 42. h7 Rh8 43. Be3 f5 44. Bxd4 cxd4 45. d6 Rxh7+ 46. Kg1 Re6 47. Bc4 Kf6 48. Bxe6 Kxe6 49. Rbc1 Kxd6 50. Rc8 d3 51. Rd8+ Rd7 52. Rxd7+ Kxd7 53. Rxe5 Be2 54. Re3 Kd6 55. Kf2 Kd5 56. Ke1 f4 57. Re7 Kd4 58. Kd2 Bf1 59. Rf7 Ke4 60. g4 Bh3 61. g5 Bf5 62. Re7+ Kf3 63. Rf7 Kg4 64. g6 Bxg6 65. Rg7 Kg5 66. Rg8 Kf6 67. Ra8 Ke5 68. Rxa6 Bf7 69. Rb6 Bxb3 70. Rb5+ Bd5 71. Rxb4 f3 72. Kxd3 Kd6 73. Ke3 Kc7 74. a5 Bb7 75. Rb2 Kc8 76. Kd4 Kc7 77. Kc5 Ba6 78. Ra2 Kb7 79. Rb2+ Ka7 80. Rh2 Be2 81. Kb4 Bd3 82. Rd2 Bf5 83. Kc5 Ka6 84. Rh2 Bd3 85. Rf2 Bb5 1/2-1/2

[Event "Martinique-ch"]
[Site "Le Lamentin"]
[Date "2017.05.21"]
[Round "2"]
[White "Joachim, Rodny"]
[Black "Cesaire Hierso, Florian"]
[Result "0-1"]
[WhiteElo "1693"]
[BlackElo "1777"]
[PlyCount "58"]
[EventDate "2017.05.21"]
[EventType "tourn"]
[EventRounds "11"]
[EventCountry "MFR"]
[SourceTitle "EXT 2019"]
[Source "ChessBase"]
[SourceDate "2018.10.10"]
[SourceVersion "1"]
[SourceVersionDate "2018.10.10"]
[SourceQuality "1"]

1. e4 e5 2. Nf3 Nc6 3. Bb5 d6 4. d4 Bd7 5. d5 Nce7 6. Bd3 Nf6 7. c4 Ng6 8. Be3 Be7 9. 0-0 Bg4 10. h3 Bd7 11. b4 Qc8 12. Kh2 Nh5 13. Nh4 Ngf4 14. Bxf4 Nxf4 15. Nf5 Bxf5 16. exf5 Nxd3 17. Qxd3 Bf6 18. Nc3 0-0 19. Qe4 c6 20. Rad1 Qc7 21. Qg4 a5 22. Ne4 Qe7 23. dxc6 Kh8 24. cxb7 Qxb7 25. Nxf6 gxf6 26. b5 Rg8 27. Qf3 Qd7 28. Qd5 Qxf5 29. Qxd6 Rxg2+ 0-1

[Event "Martinique op"]
[Site "Lamentin"]
[Date "2016.03.30"]
[Round "1.1"]
[White "Edouard, Romain"]
[Black "Cesaire Hierso, Florian"]
[Result "1-0"]
[WhiteElo "2620"]
[BlackElo "1672"]
[PlyCount "37"]
[EventDate "2016.03.30"]
[EventType "swiss"]
[EventRounds "9"]
[EventCountry "FRA"]
[SourceTitle "EXT 2024"]
[Source "ChessBase"]
[SourceDate "2023.10.10"]
[SourceVersion "1"]
[SourceVersionDate "2023.10.10"]
[SourceQuality "1"]

1. d4 d5 2. Nf3 c5 3. g3 Nc6 4. Bg2 e6 5. 0-0 b6 6. c4 cxd4 7. cxd5 exd5 8. Nxd4 Nxd4 9. Qxd4 Bb7 10. Qa4+ Qd7 11. Qxd7+ Kxd7 12. Nc3 Nf6 13. Rd1 Ke6 14. Nb5 Bd6 15. e4 a6 16. Bh3+ Ke7 17. Nxd6 Kxd6 18. e5+ Kxe5 19. Bf4+ 1-0

[Event "FRA-ch op"]
[Site "Nimes"]
[Date "2014.08.25"]
[Round "7"]
[White "Cesaire Hierso, Florian"]
[Black "Charbonnel, Christophe"]
[Result "1-0"]
[WhiteElo "1348"]
[BlackElo "1183"]
[PlyCount "111"]
[EventDate "2014.08.17"]
[EventType "swiss"]
[EventRounds "11"]
[EventCountry "FRA"]
[SourceTitle "EXT 2015"]
[Source "ChessBase"]
[SourceDate "2014.11.20"]
[SourceVersion "1"]
[SourceVersionDate "2014.11.20"]
[SourceQuality "1"]

1. c4 e5 2. Nc3 Bc5 3. Nf3 Nc6 4. d3 Nf6 5. Bg5 d6 6. g3 h6 7. Bxf6 Qxf6 8. Bg2 Qe7 9. 0-0 0-0 10. Nd2 Be6 11. a3 a5 12. Rb1 Rab8 13. Bxc6 bxc6 14. Nce4 d5 15. Nxc5 Qxc5 16. Qc1 f5 17. cxd5 Qxd5 18. Qc3 f4 19. Rfc1 fxg3 20. hxg3 Rb6 21. e4 Qd4 22. Qxd4 exd4 23. Nc4 Bxc4 24. Rxc4 Rd8 25. Rc5 Re8 26. Kf1 Kf7 27. Rxa5 Ke6 28. f4 g6 29. Re5+ Kd7 30. Rxe8 Kxe8 31. b4 Ke7 32. a4 Ra6 33. a5 c5 34. bxc5 Rxa5 35. Rb4 Rxc5 36. Rxd4 Ke6 37. Rc4 Rxc4 38. dxc4 Kd6 39. Ke2 Kc5 40. e5 Kc6 41. Ke3 Kd7 42. Kd4 Kc6 43. c5 Kd7 44. Ke4 Ke6 45. g4 c6 46. f5+ gxf5+ 47. gxf5+ Ke7 48. Kf4 Kf7 49. Kg4 Kf8 50. Kh5 Kg7 51. e6 Kh7 52. e7 Kg7 53. e8Q Kh7 54. Qf7+ Kh8 55. Kg6 h5 56. Qh7# 1-0